El origen del estado laico desde la Edad Media / (Record no. 177992)
[ view plain ]
| 000 -LEADER | |
|---|---|
| campo de control de longitud fija | 01057nam a2200313 4500 |
| 001 - NÚMERO DE CONTROL | |
| campo de control | 177992 |
| 003 - IDENTIFICADOR DE NÚMERO DE CONTROL | |
| campo de control | ES-MaACL |
| 005 - FECHA Y HORA DE LA ÚLTIMA TRANSACCIÓN | |
| campo de control | 20250830062322.0 |
| 008 - DATOS DE LONGITUD FIJA--INFORMACIÓN GENERAL | |
| campo de control de longitud fija | 110511s2009 sp a |||| | spa d |
| 017 ## - NÚMERO DE COPYRIGHT O DE DEPÓSITO LEGAL | |
| Número de copyright o de depósito legal | M.25.575-2009 |
| 020 ## - NÚMERO INTERNACIONAL ESTÁNDAR DEL LIBRO | |
| Número Internacional Estándar del Libro | 9788430949021 |
| 080 ## - NÚMERO DE LA CLASIFICACIÓN DECIMAL UNIVERSAL | |
| Número de la Clasificación Decimal Universal | 322(4)"12/14" |
| 080 ## - NÚMERO DE LA CLASIFICACIÓN DECIMAL UNIVERSAL | |
| Número de la Clasificación Decimal Universal | 2:32 |
| 100 1# - ENTRADA PRINCIPAL--NOMBRE DE PERSONA | |
| Nombre de persona | Bayona Aznar, Bernardo. |
| 9 (RLIN) | 146475 |
| 245 13 - MENCIÓN DEL TÍTULO | |
| Título | El origen del estado laico desde la Edad Media / |
| Mención de responsabilidad, etc. | Bernardo Bayona Aznar. |
| 260 ## - PUBLICACIÓN, DISTRIBUCIÓN, ETC. | |
| Lugar de publicación, distribución, etc. | Madrid : |
| Nombre del editor, distribuidor, etc. | Tecnos, |
| Fecha de publicación, distribución, etc. | [2009] |
| 300 ## - DESCRIPCIÓN FÍSICA | |
| Extensión | 423 p. : |
| Otras características físicas | il. ; |
| Dimensiones | 23 cm. |
| 490 1# - MENCIÓN DE SERIE | |
| Mención de serie | Biblioteca de historia y pensamiento político |
| 500 ## - NOTA GENERAL | |
| Nota general | Índice onomástico. |
| 504 ## - NOTA DE BIBLIOGRAFÍA, ETC. | |
| Nota de bibliografía, etc. | Bibligrafía: p. [391]-416. |
| 650 #7 - PUNTO DE ACCESO ADICIONAL DE MATERIA--TÉRMINO DE MATERIA | |
| Término de materia o nombre geográfico como elemento de entrada | Iglesia y Estado- |
| Subdivisión geográfica | Europa- |
| Subdivisión cronológica | S.V-XV. |
| 9 (RLIN) | 146476 |
| 650 04 - PUNTO DE ACCESO ADICIONAL DE MATERIA--TÉRMINO DE MATERIA | |
| Término de materia o nombre geográfico como elemento de entrada | Política- |
| Subdivisión general | Filosofía |
| 9 (RLIN) | 16274 |
| 650 07 - PUNTO DE ACCESO ADICIONAL DE MATERIA--TÉRMINO DE MATERIA | |
| Término de materia o nombre geográfico como elemento de entrada | Teología política |
| Fuente del encabezamiento o término | embne |
| 9 (RLIN) | 17473 |
| 830 0# - PUNTO DE ACCESO ADICIONAL DE SERIE-TÍTULO UNIFORME | |
| Título uniforme | Biblioteca de historia y pensamiento político |
| 9 (RLIN) | 189262 |
| 852 ## - LOCALIZACIÓN | |
| Ubicación | ES-MaACL |
| itemnumber | 184851 |
| Sublocalización o colección | R.145639 |
| Número de control de estantería | A-11152 |
| Signatura antigua | Olim: N-4157 |
| Ubicación en estantería | Depósito 1 |
| 942 ## - ELEMENTOS DE ENTRADA SECUNDARIOS (KOHA) | |
| Fuente del sistema de clasificación o colocación | Clasificación decimal universal |
| Tipo de ítem Koha | Libro impreso |
| Estatus retirado | Estado de pérdida | Fuente del sistema de clasificación o colocación | Estado de daño | No para préstamo | Biblioteca de origen | Biblioteca actual | Ubicación en estantería | Fecha de adquisición | Fuente de adquisición | Total de préstamos | Signatura topográfica completa | Código de barras | Visto por última vez | Precio de reemplazo | Tipo de ítem Koha |
|---|---|---|---|---|---|---|---|---|---|---|---|---|---|---|---|
| Clasificación decimal universal | Biblioteca del Ateneo de Madrid | Biblioteca del Ateneo de Madrid | Depósito 1 | 11/05/2011 | Compra | A-11152 | 1186984 | 23/02/2023 | 23/02/2023 | Libro impreso |
